Một năm tội ác

Đã lưu trong:
Chi tiết về thư mục
Định dạng: Sách
Ngôn ngữ:Vietnamese
Được phát hành: Công an nhân dân 2000
Các nhãn: Thêm thẻ
Không có thẻ, Là người đầu tiên thẻ bản ghi này!
Thư viện lưu trữ: Mạng thư viện Đại học Đà Nẵng
LEADER 00586nam a2200241 4500
001 000022427
003 18875
005 20150506090542.0
008 150506s2000 viesd
020 |c 37500 
041 0 |a vie 
082 1 4 |a 843,087  |b Mô-N 
245 1 0 |a Một năm tội ác  |k Đặng Phú dịch 
260 |b Công an nhân dân  |c 2000 
300 |a tr.  |c cm. 
OWN |a LSP 
999 |a From the UDN01 
TYP |a Monograph 
TYP |a Printed language 
980 |a Mạng thư viện Đại học Đà Nẵng